Central Library OPAC University of Rajshahi

The computer and the clerk / (Record no. 14121)

MARC details
000 -LEADER
fixed length control field 01128cam a22003132a 4500
001 - CONTROL NUMBER
control field 14121
003 - CONTROL NUMBER IDENTIFIER
rucl marc code BD-RjUL
005 - DATE AND TIME OF LATEST TRANSACTION
control field 20211208235556.0
008 - FIXED-LENGTH DATA ELEMENTS--GENERAL INFORMATION
fixed length control field 860101s1967 enka b 000 0 eng d
035 ## - SYSTEM CONTROL NUMBER
System control number OCLC ocm00186418 from D960506M
-- (BD-RjUL)14173
040 ## - CATALOGING SOURCE
Original cataloging agency DLC
Transcribing agency DLC
Modifying agency UKM
-- BD-RjUL
Language of cataloging eng
041 ## - LANGUAGE CODE
Language code of text/sound track or separate title eng
082 ## - DEWEY DECIMAL CLASSIFICATION NUMBER
Classification number 651.8
Author mark and year MUC 1967
100 1# - MAIN ENTRY--PERSONAL NAME
Personal name Mumford, Enid.
9 (RLIN) 44108
245 10 - TITLE STATEMENT
Title The computer and the clerk /
Statement of responsibility, etc. by Enid Mumford and Olive Banks
260 ## - PUBLICATION, DISTRIBUTION, ETC. (IMPRINT)
Place of publication, distribution, etc. London :
Name of publisher, distributor, etc. Routledge & K. Paul,
Date of publication, distribution, etc. 1967
300 ## - PHYSICAL DESCRIPTION
Pagination xi, 252 p.
Illustrations tables, diagrs.
Size 22 1/2 cm
490 1# - SERIES STATEMENT
Series statement British library of business studies. Monograph series
504 ## - BIBLIOGRAPHY, ETC. NOTE
Bibliography, etc Bibliography: p. 245-248
650 #0 - SUBJECT ADDED ENTRY--TOPICAL TERM
Topical term or geographic name as entry element Business
General subdivision Data processing
-- Case studies
9 (RLIN) 44109
Topical term or geographic name as entry element Clerks
Geographic subdivision Great Britain
General subdivision Case studies
9 (RLIN) 44110
Topical term or geographic name as entry element Automation
General subdivision Economic aspects
Geographic subdivision Great Britain
General subdivision Case studies
9 (RLIN) 44111
Topical term or geographic name as entry element Automation
General subdivision Social aspects
Geographic subdivision Great Britain
General subdivision Case studies
9 (RLIN) 44112
700 1# - ADDED ENTRY--PERSONAL NAME
Personal name Banks, Olive.
830 #0 - SERIES ADDED ENTRY--UNIFORM TITLE
Uniform title British library of business studies.
942 ## - ADDED ENTRY ELEMENTS (KOHA)
Source of classification or shelving scheme Dewey Decimal Classification
Koha item type Books
Holdings
Lost status Source of classification or shelving scheme Damaged status Not for loan Collection code Permanent Location Current Location Shelving location Date acquired Source of acquisition Cost, normal purchase price Total Checkouts Full call number Date last seen Copy number Koha item type
  Dewey Decimal Classification     Non-fiction Central Library, University of Rajshahi Central Library, University of Rajshahi   26/10/1984 Zeitlinger 40.00   651.8 MUC 1967 05/02/2014 C-2 Books
  Dewey Decimal Classification   Not For Loan Non-fiction Central Library, University of Rajshahi Central Library, University of Rajshahi Reading Room 26/10/1968 Zeitlinger 40.00   651.8 MUC 1967 18/11/2018 C-1 Books